{"text_format":"3","workbook":"xlsx","n_sheets":1,"sheets":["Orçamento Sintético"],"not_rendered":{"images":2},"read":"whole","date_system":"1900"}

{"sheet":"Orçamento Sintético","index":0,"n_rows":25,"n_cols":10,"rows_kept":25,"merged":[[0,0,0,3],[0,4,0,5],[0,6,0,7],[0,8,0,9],[1,0,1,3],[1,4,1,5],[1,6,1,7],[1,8,1,9],[2,0,2,9],[22,0,22,2],[22,5,22,6],[22,7,22,9],[23,0,23,2],[23,5,23,6],[23,7,23,9],[24,0,24,2],[24,5,24,6],[24,7,24,9],[26,0,26,9]]}
["Obra",{"$nulls":3},"Bancos",null,"B.D.I.",null,"Encargos Sociais"]
["Contratação de empresa para pavimentação em paralelepipedo na comunidade chã de areia, Zona Rural de Mogeiro–PB, conforme planilha",{"$nulls":3},"SINAPI - 01/2025 - Paraíba\n",null,"23,38%",null,"Não Desonerado: \nHorista: 113,60%\nMensalista: 69,85%"]
["Orçamento Sintético"]
["Item","Código","Banco","Descrição","Und","Quant.","Valor Unit","Valor Unit com BDI","Total","Peso (%)"]
[" 1 ",null,null,"PAVIMENTAÇÃO EM PARALELEPIPEDO NA COMUNIDADE CHÃ DE AREIA, ZONA RURAL DE MOGEIRO–PB",{"$nulls":4},{"v":905841,"d":"905,841.00"},{"v":1,"d":"100.00 %"}]
[" 1.1 ",null,null,"ADMINISTRAÇÃO LOCAL",{"$nulls":4},{"v":39523.66,"d":"39,523.66"},{"v":0.04363200461343642,"d":"4.36 %"}]
[" 1.1.1 "," MG 001 ","Próprio","Administração e controle - (engenheiro - resp. técnico e encarregado)","VB",1,{"v":32034.09,"d":"32,034.09"},{"v":39523.66,"d":"39,523.66"},{"v":39523.66,"d":"39,523.66"},{"v":0.04363200461343642,"d":"4.36 %"}]
[" 1.2 ",null,null,"SERVIÇOS PRELIMINARES",{"$nulls":4},{"v":6656.31,"d":"6,656.31"},{"v":7.348209872984005E-3,"d":"0.73 %"}]
[" 1.2.1 "," 103689 ","SINAPI","PLACA DE OBRA EM CHAPA DE AÇO GALVANIZADO","m²",8,362.13,446.79,{"v":3574.32,"d":"3,574.32"},{"v":0.003945857917255084,"d":"0.39 %"}]
[" 1.2.2 "," CPU- Capim 02 ","Próprio","SERVICOS TOPOGRAFICOS PARA PAVIMENTACAO, INCLUSIVE NOTA DE SERVICOS, ACOMPANHAMENTO E GREIDE  [ADAPTADO DE SINAPI 78472]","m²",7902.55,0.32,0.39,{"v":3081.99,"d":"3,081.99"},{"v":3.402351955728921E-3,"d":"0.34 %"}]
[" 1.3 ",null,null,"TERRAPLANAGEM",{"$nulls":4},{"v":16279.22,"d":"16,279.22"},{"v":0.017971420437866453,"d":"1.80 %"}]
[" 1.3.1 "," 100576 ","SINAPI","REGULARIZAÇÃO E COMPACTAÇÃO DE SUBLEITO DE SOLO PREDOMINANTEMENTE ARGILOSO. AF_11/2019","m²",7902.55,1.67,2.06,{"v":16279.22,"d":"16,279.22"},{"v":0.017971420437866453,"d":"1.80 %"}]
[" 1.4 ",null,null,"PAVIMENTAÇÃO",{"$nulls":4},{"v":820442.31,"d":"820,442.31"},{"v":0.9057243852158032,"d":"90.57 %"}]
[" 1.4.1 "," 94279 ","SINAPI","ASSENTAMENTO DE GUIA (MEIO-FIO) EM TRECHO RETO, CONFECCIONADA EM CONCRETO PRÉ-FABRICADO, DIMENSÕES 39X6,5X6,5X19 CM (COMPRIMENTO X BASE INFERIOR X BASE SUPERIOR X ALTURA), PARA DELIMITAÇÃO DE JARDINS, PRAÇAS OU PASSEIOS. AF_05/2016","M",3306.08,29.79,36.75,{"v":121498.44,"d":"121,498.44"},{"v":0.13412777294929995,"d":"13.41 %"}]
[" 1.4.2 "," DER-PB 04.910.02 ","Próprio","FORN. E APLICACAO DE MEIO FIO EM PEDRA GRANITICA","M",449.87,{"v":31.4,"d":"31.40"},38.74,{"v":17427.96,"d":"17,427.96"},{"v":0.01923953477797313,"d":"1.92 %"}]
[" 1.4.3 "," 101169 ","SINAPI","EXECUÇÃO DE PAVIMENTO EM PARALELEPÍPEDOS, REJUNTAMENTO COM ARGAMASSA TRAÇO 1:3 (CIMENTO E AREIA). AF_05/2020","m²",7902.55,{"v":69.9,"d":"69.90"},86.24,{"v":681515.91,"d":"681,515.91"},{"v":0.7523570774885302,"d":"75.24 %"}]
[" 1.5 ",null,null,"SERVIÇOS COMPLEMENTARES",{"$nulls":4},{"v":22939.5,"d":"22,939.50"},{"v":0.025323979859909855,"d":"2.53 %"}]
[" 1.5.1 "," DER PB .. ","Próprio","PLACA DE REGULAMENTAÇÃO EM AÇO, R1 LADO 0,248M - PELÍCULA RETRORREFLETIVA TIPO I+SI, INCLUSIVE SUPORTE TRAVESSA EM MADEIRA DE LEI TRATADA 8X8  - FORNECIMENTO E IMPLANTAÇÃO","UND",28,299.27,369.23,{"v":10338.44,"d":"10,338.44"},{"v":0.011413084258283156,"d":"1.14 %"}]
[" 1.5.2 "," 004. ","Próprio","PLACA ESMALTADA PARA IDENTIFICAÇÃO NR DE RUA, DIMENSÕES 45X25CM","UND",11,78.63,97.01,{"v":1067.11,"d":"1,067.11"},{"v":1.178032308825755E-3,"d":"0.12 %"}]
[" 1.5.3 "," 102498 ","SINAPI","PINTURA DE MEIO-FIO COM TINTA BRANCA A BASE DE CAL (CAIAÇÃO). AF_05/2021","M",3517.08,1.37,1.69,{"v":5943.86,"d":"5,943.86"},{"v":0.006561703216291715,"d":"0.66 %"}]
[" 1.5.4 "," CPU-PBPROJ - 12 ","Próprio","LIMPEZA FINAL COM VARRIÇÃO E REMOÇÃO DE ENTULHOS","m²",8101.59,0.56,0.69,{"v":5590.09,"d":"5,590.09"},{"v":6.1711600765092306E-3,"d":"0.62 %"}]
[]
[{"$nulls":5},"Total sem BDI",null,{"v":734259.2,"d":"734,259.20"}]
[{"$nulls":5},"Total do BDI",null,{"v":171581.8,"d":"171,581.80"}]
[{"$nulls":5},"Total Geral",null,{"v":905841,"d":"905,841.00"}]